[Event "HUN-chT2 Toth 1819"]
[Site "Hungary"]
[Date "2018.12.02"]
[Round "5.7"]
[White "Csipai, Levente"]
[Black "Samu, Gabor"]
[Result "0-1"]
[WhiteElo "1897"]
[BlackElo "1963"]
[PlyCount "84"]
[EventDate "2018.09.23"]
[EventType "team-tourn"]
[EventRounds "11"]
[EventCountry "HUN"]
[SourceTitle "EXT 2021"]
[Source "ChessBase"]
[SourceDate "2020.10.23"]
[SourceVersion "1"]
[SourceVersionDate "2020.10.23"]
[SourceQuality "1"]
[WhiteTeam "Szentes Integral"]
[BlackTeam "Bekes"]
[WhiteTeamCountry "HUN"]
[BlackTeamCountry "HUN"]

1. d4 d5 2. c4 Nf6 3. Nc3 e6 4. Nf3 Nc6 5. Bg5 Be7 6. e3 0-0 7. Rc1 h6 8. Bh4 dxc4 9. Bxc4 Nd5 10. Bg3 Nxc3 11. bxc3 Na5 12. Bd3 c5 13. 0-0 b6 14. Ne5 Bb7 15. Qh5 Nc6 16. Ng4 Qe8 17. Qh3 f5 18. Ne5 Nxe5 19. Bxe5 Qg6 20. Qg3 Qxg3 21. hxg3 Rfd8 22. Rc2 Bd6 23. Bxd6 Rxd6 24. Rb1 g6 25. a4 c4 26. Be2 Be4 27. Rcb2 Bxb1 28. Rxb1 Rc8 29. Bf3 Rc7 30. Rb2 Kg7 31. Kf1 h5 32. e4 fxe4 33. Bxe4 Kf6 34. Rb5 a6 35. Re5 Rd8 36. f4 Rb8 37. Rg5 Rg7 38. Bc6 Rh8 39. Kg1 h4 40. g4 h3 41. g3 h2+ 42. Kh1 Rh3 0-1

[Event "HUN-chT2 Toth 1516"]
[Site "Hungary"]
[Date "2015.09.26"]
[Round "2.10"]
[White "Samu, Gabor"]
[Black "Revesz, Norbert"]
[Result "1/2-1/2"]
[WhiteElo "1990"]
[BlackElo "1841"]
[PlyCount "88"]
[EventDate "2015.09.13"]
[EventType "team-tourn"]
[EventRounds "11"]
[EventCountry "HUN"]
[SourceTitle "CBM 170 Extra"]
[Source "ChessBase"]
[SourceDate "2016.02.25"]
[SourceVersion "1"]
[SourceVersionDate "2016.02.25"]
[SourceQuality "1"]
[WhiteTeam "Bekes"]
[BlackTeam "Szentes Integral"]
[WhiteTeamCountry "HUN"]
[BlackTeamCountry "HUN"]

1. d4 f5 2. c4 Nf6 3. Nc3 g6 4. Nf3 Bg7 5. e3 0-0 6. Be2 d6 7. Qc2 Nbd7 8. b3 e5 9. dxe5 Nxe5 10. Bb2 Qe7 11. h3 Bd7 12. Nd4 Nc6 13. 0-0 Nb4 14. Qd2 Ne4 15. Nxe4 fxe4 16. Qxb4 c5 17. Qxb7 cxd4 18. Bg4 dxe3 19. Bxg7 exf2+ 20. Rxf2 Qxg7 21. Raf1 Bxg4 22. Qd5+ Kh8 23. hxg4 e3 24. Rxf8+ Rxf8 25. Rxf8+ Qxf8 26. Qd4+ Qg7 27. Qxe3 Qa1+ 28. Kh2 Qxa2 29. Qd4+ Kg8 30. b4 Qb3 31. g5 Qxb4 32. Qxa7 Qxc4 33. Qb8+ Kf7 34. Qxd6 Qh4+ 35. Kg1 Qxg5 36. Qd7+ Qe7 37. Qd5+ Kg7 38. Qd4+ Kh6 39. Qb6 Kh5 40. Qb3 Qe4 41. Qh3+ Qh4 42. Qe3 Qg4 43. Qd3 h6 44. Qe3 Qf5 1/2-1/2

[Event "HUN-chT2 Toth 1516"]
[Site "Hungary"]
[Date "2015.09.13"]
[Round "1.8"]
[White "Abraham, Lajos"]
[Black "Samu, Gabor"]
[Result "1-0"]
[WhiteElo "1766"]
[BlackElo "2006"]
[PlyCount "93"]
[EventDate "2015.09.13"]
[EventType "team-tourn"]
[EventRounds "11"]
[EventCountry "HUN"]
[SourceTitle "CBM 170 Extra"]
[Source "ChessBase"]
[SourceDate "2016.02.25"]
[SourceVersion "1"]
[SourceVersionDate "2016.02.25"]
[SourceQuality "1"]
[WhiteTeam "Roszke"]
[BlackTeam "Bekes"]
[WhiteTeamCountry "HUN"]
[BlackTeamCountry "HUN"]

1. Nf3 d5 2. e3 Nf6 3. c4 c6 4. h3 Nbd7 5. Nc3 e6 6. a3 Bd6 7. d4 dxc4 8. Bxc4 0-0 9. Qc2 h6 10. e4 Be7 11. Bf4 b5 12. Bd3 Bb7 13. 0-0 a6 14. Qd2 Re8 15. e5 Nh7 16. Ne4 Rc8 17. b4 Ndf8 18. Nc5 Rb8 19. Rac1 Bc8 20. Be4 Rb6 21. Rc3 f5 22. exf6 Nxf6 23. Qd3 Nd5 24. Bxd5 exd5 25. Ne5 Bg5 26. Bxg5 Qxg5 27. f4 Qf6 28. Rf3 Re7 29. g4 Ra7 30. Kg2 a5 31. Kg3 Rb8 32. bxa5 Rxa5 33. Nb3 Ra6 34. Qc2 Rbb6 35. Nc5 Ra7 36. Ncd3 Bb7 37. Nb4 Ra4 38. Rfd3 g5 39. f5 h5 40. Nbxc6 h4+ 41. Kf2 Bxc6 42. Rxc6 Rxc6 43. Qxc6 Qxc6 44. Nxc6 Kf7 45. Nb4 Ke7 46. Nxd5+ Kd7 47. Nb6+ 1-0

[Event "HUN-chT2 Maroczy 1213"]
[Site "Hungary"]
[Date "2013.04.07"]
[Round "10"]
[White "Samu, Gabor"]
[Black "Egyed, Gabor"]
[Result "1/2-1/2"]
[WhiteElo "2250"]
[BlackElo "2029"]
[PlyCount "42"]
[EventDate "2012.09.16"]
[EventType "team-tourn"]
[EventRounds "11"]
[EventCountry "HUN"]
[SourceTitle "EXT 2014"]
[Source "ChessBase"]
[SourceDate "2013.11.20"]
[SourceVersion "1"]
[SourceVersionDate "2013.11.20"]
[SourceQuality "1"]
[WhiteTeam "Oroshaza"]
[BlackTeam "Karcag"]
[WhiteTeamCountry "HUN"]
[BlackTeamCountry "HUN"]

1. d4 g6 2. g3 Bg7 3. Bg2 f5 4. c4 c5 5. d5 d6 6. Nc3 Bxc3+ 7. bxc3 Qa5 8. Qb3 Nf6 9. Bh6 Nbd7 10. Nf3 Nb6 11. Nd2 Bd7 12. Bg7 Rg8 13. Bxf6 exf6 14. e4 0-0-0 15. 0-0 Ba4 16. Qb2 fxe4 17. Bxe4 f5 18. Bd3 Qa6 19. Qb1 Rde8 20. Rc1 Re7 21. Bf1 Nd7 1/2-1/2

[Event "HUN-chT2 Maroczy 1213"]
[Site "Hungary"]
[Date "2013.03.24"]
[Round "9"]
[White "Dovzik, Juri"]
[Black "Samu, Gabor"]
[Result "0-1"]
[WhiteElo "2350"]
[BlackElo "2250"]
[PlyCount "128"]
[EventDate "2012.09.16"]
[EventType "team-tourn"]
[EventRounds "11"]
[EventCountry "HUN"]
[SourceTitle "EXT 2014"]
[Source "ChessBase"]
[SourceDate "2013.11.20"]
[SourceVersion "1"]
[SourceVersionDate "2013.11.20"]
[SourceQuality "1"]
[WhiteTeam "Hajduszoboszlo"]
[BlackTeam "Oroshaza"]
[WhiteTeamCountry "HUN"]
[BlackTeamCountry "HUN"]

1. e4 c5 2. Nf3 d6 3. c3 g6 4. d4 cxd4 5. cxd4 Bg7 6. Nc3 Nc6 7. h3 Nf6 8. Bd3 0-0 9. 0-0 e5 10. d5 Ne7 11. Re1 Nh5 12. Bf1 Nf4 13. Bxf4 exf4 14. Qd2 Be5 15. Ne2 f5 16. Nxf4 fxe4 17. Rxe4 Bf5 18. Ne6 Bxe6 19. dxe6 Bf6 20. Rd1 d5 21. Rb4 Qd6 22. Re1 Rab8 23. Bb5 Nc6 24. Rb3 Rfe8 25. Rd3 Rbd8 26. Ng5 Bxg5 27. Qxg5 Qb4 28. Rde3 Qxb5 29. e7 Rd6 30. Re6 Qb4 31. a3 Qc5 32. b4 Rxe6 33. Rxe6 Qc2 34. Qxd5 Kg7 35. b5 Qc1+ 36. Kh2 Qf4+ 37. Kg1 Nd4 38. Re4 Qc1+ 39. Kh2 Qc7+ 40. Kg1 Nf5 41. g4 Nh6 42. Qd4+ Kg8 43. Qe3 Nf7 44. a4 b6 45. h4 Qd6 46. Qe2 Qf6 47. h5 Ng5 48. Re3 Kf7 49. hxg6+ hxg6 50. Qc4+ Ne6 51. Kg2 Kxe7 52. Qb4+ Kd7 53. Rf3 Qe7 54. Qe4 Kc7 55. Qxg6 Kb8 56. Rf7 Qd6 57. Qf6 Rg8 58. f3 Rc8 59. Qf5 Rh8 60. Rh7 Nf4+ 61. Kf2 Re8 62. Qc2 Nd3+ 63. Kf1 Qg3 64. Rb7+ Ka8 0-1

[Event "HUN-chT2 Toth 1213"]
[Site "Hungary"]
[Date "2012.11.18"]
[Round "4.7"]
[White "Bor, Ferenc"]
[Black "Samu, Gabor"]
[Result "1/2-1/2"]
[WhiteElo "1894"]
[BlackElo "2033"]
[PlyCount "99"]
[EventDate "2012.09.16"]
[EventType "team-tourn"]
[EventRounds "11"]
[EventCountry "HUN"]
[SourceTitle "EXT 2014"]
[Source "ChessBase"]
[SourceDate "2013.11.20"]
[SourceVersion "1"]
[SourceVersionDate "2013.11.20"]
[SourceQuality "1"]
[WhiteTeam "Felegyhaza Csongrad"]
[BlackTeam "Bekes"]
[WhiteTeamCountry "HUN"]
[BlackTeamCountry "HUN"]

1. e4 c5 2. Nf3 Nc6 3. d4 cxd4 4. Nxd4 a6 5. Nc3 Nf6 6. Bc4 g6 7. Be3 Bg7 8. f3 0-0 9. Qd2 Na5 10. Be2 b5 11. e5 Ne8 12. f4 Bb7 13. Nf3 Nc4 14. Bxc4 bxc4 15. 0-0-0 d6 16. Qf2 Bxf3 17. Qxf3 Rb8 18. Qc6 Qc8 19. Qxc8 Rxc8 20. Nd5 Rb8 21. Nxe7+ Kh8 22. Nc6 Rb5 23. a4 Rb7 24. c3 dxe5 25. Nxe5 Bxe5 26. fxe5 Ng7 27. Rhf1 Re8 28. Rd5 Ne6 29. Bh6 Kg8 30. Rfd1 Reb8 31. R1d2 Rc8 32. h4 Rbb8 33. Be3 Rd8 34. Rd6 a5 35. Rxd8+ Rxd8 36. Bb6 Rb8 37. Bxa5 Ra8 38. Bb4 Rxa4 39. Rf2 Ra1+ 40. Kc2 Re1 41. Bd6 Re4 42. g3 Re3 43. Rg2 Ng7 44. b4 cxb3+ 45. Kxb3 Nf5 46. Kb4 Nxg3 47. c4 Nf5 48. h5 Re4 49. hxg6 fxg6 50. Kb5 1/2-1/2

[Event "HUN-chT2 Toth 1213"]
[Site "Hungary"]
[Date "2012.10.07"]
[Round "2.6"]
[White "Samu, Gabor"]
[Black "Diamant, Tibor"]
[Result "1/2-1/2"]
[WhiteElo "2033"]
[BlackElo "2107"]
[PlyCount "34"]
[EventDate "2012.09.16"]
[EventType "team-tourn"]
[EventRounds "11"]
[EventCountry "HUN"]
[SourceTitle "EXT 2014"]
[Source "ChessBase"]
[SourceDate "2013.11.20"]
[SourceVersion "1"]
[SourceVersionDate "2013.11.20"]
[SourceQuality "1"]
[WhiteTeam "Bekes"]
[BlackTeam "Mako II"]
[WhiteTeamCountry "HUN"]
[BlackTeamCountry "HUN"]

1. d4 Nf6 2. c4 e6 3. g3 d5 4. Bg2 Bd7 5. cxd5 exd5 6. Nc3 c6 7. Bg5 Be7 8. Nf3 0-0 9. 0-0 Na6 10. Ne5 Nc7 11. Nxd7 Qxd7 12. Rc1 Rfe8 13. e3 h6 14. Bxf6 Bxf6 15. Na4 Be7 16. Qh5 Bd6 17. Nc5 Bxc5 1/2-1/2

[Event "HUN-chT2 Toth 1213"]
[Site "Hungary"]
[Date "2012.09.16"]
[Round "1.6"]
[White "Samu, Gabor"]
[Black "Takacs, Lajos"]
[Result "0-1"]
[WhiteElo "2033"]
[BlackElo "2172"]
[PlyCount "96"]
[EventDate "2012.09.16"]
[EventType "team-tourn"]
[EventRounds "11"]
[EventCountry "HUN"]
[SourceTitle "EXT 2014"]
[Source "ChessBase"]
[SourceDate "2013.11.20"]
[SourceVersion "1"]
[SourceVersionDate "2013.11.20"]
[SourceQuality "1"]
[WhiteTeam "Bekes"]
[BlackTeam "Ujszasz"]
[WhiteTeamCountry "HUN"]
[BlackTeamCountry "HUN"]

1. d4 g6 2. g3 Bg7 3. Bg2 d6 4. c4 Nf6 5. Nc3 0-0 6. Nf3 Nbd7 7. 0-0 e5 8. dxe5 dxe5 9. e4 c6 10. b3 Qe7 11. Qc2 Ne8 12. a4 a5 13. Ba3 Nc5 14. Ne1 Nc7 15. Nd3 b6 16. b4 Nxd3 17. bxa5 Nb4 18. axb6 Nxc2 19. Bxe7 Re8 20. Ra2 Nd4 21. Bd6 Na6 22. Rb1 Bb7 23. a5 Bf8 24. Bxf8 Kxf8 25. f4 f6 26. Ne2 Rad8 27. fxe5 Nxe2+ 28. Rxe2 fxe5 29. Rf1+ Ke7 30. h4 Rf8 31. Ra1 Rd4 32. Rc1 Rd3 33. Kh2 Rfd8 34. Rf1 Rd2 35. Re3 R8d3 36. Rxd3 Rxd3 37. h5 Ra3 38. hxg6 hxg6 39. Kh3 Rxa5 40. Kh4 Ra3 41. g4 Nc5 42. Rf2 Ne6 43. Bf1 Ra6 44. c5 Ra5 45. Bc4 Nf4 46. Bf1 Kf6 47. g5+ Ke7 48. Rf3 Ne6 0-1

[Event "HUN-chT2 Toth 1011"]
[Site "Hungary"]
[Date "2010.11.21"]
[Round "6.8"]
[White "Samu, Gabor"]
[Black "Benyovszki, Pal"]
[Result "1/2-1/2"]
[WhiteElo "2074"]
[BlackElo "1979"]
[PlyCount "132"]
[EventDate "2010.09.12"]
[EventType "team-tourn"]
[EventRounds "11"]
[EventCountry "HUN"]
[SourceTitle "EXT 2012"]
[Source "ChessBase"]
[SourceDate "2011.11.24"]
[SourceVersion "1"]
[SourceVersionDate "2011.11.24"]
[SourceQuality "1"]
[WhiteTeam "Bekes"]
[BlackTeam "Mezobereny"]
[WhiteTeamCountry "HUN"]
[BlackTeamCountry "HUN"]

1. d4 f5 2. c4 Nf6 3. Nc3 g6 4. Nf3 d6 5. e3 Bg7 6. Be2 0-0 7. Qc2 c6 8. b3 Qc7 9. Bb2 e5 10. dxe5 dxe5 11. h3 Na6 12. a3 Nc5 13. Nd2 a5 14. 0-0 g5 15. b4 axb4 16. axb4 Rxa1 17. Rxa1 Ne6 18. Ba3 Rd8 19. Nb3 g4 20. b5 cxb5 21. Nxb5 Qf7 22. Nd6 Qg6 23. hxg4 Nxg4 24. Nxc8 Rxc8 25. c5 e4 26. Rd1 Be5 27. Bxg4 Qxg4 28. Qd2 Nc7 29. Qe1 Bc3 30. Qf1 Kh8 31. f3 Qh5 32. Nd4 Nd5 33. Qe2 Bxd4 34. Rxd4 exf3 35. Qxf3 Qxf3 36. gxf3 Nxe3 37. Bb2 Kg8 38. Rd7 Rxc5 39. Rg7+ Kf8 40. Rxb7 Rc2 41. Ba3+ Kg8 42. Re7 Nc4 43. Bb4 Nb2 44. Rd7 Nc4 45. f4 h5 46. Be7 Kf7 47. Bg5+ Kg6 48. Ra7 Nd2 49. Ra6+ Kg7 50. Ra7+ Kf8 51. Ra3 Ne4 52. Rh3 Nxg5 53. fxg5 Kg7 54. Rxh5 Kg6 55. Rh8 Kxg5 56. Ra8 f4 57. Ra3 Kg4 58. Rb3 f3 59. Rb8 Re2 60. Rf8 Kg3 61. Rg8+ Kf4 62. Rf8+ Ke3 63. Re8+ Kd2 64. Ra8 Rg2+ 65. Kf1 Ke3 66. Re8+ Kf4 1/2-1/2

[Event "HUN-chT2 Toth 1011"]
[Site "Hungary"]
[Date "2010.10.24"]
[Round "4.7"]
[White "Bihari, Mihaly"]
[Black "Samu, Gabor"]
[Result "1/2-1/2"]
[WhiteElo "2030"]
[BlackElo "2074"]
[PlyCount "143"]
[EventDate "2010.09.12"]
[EventType "team-tourn"]
[EventRounds "11"]
[EventCountry "HUN"]
[SourceTitle "EXT 2012"]
[Source "ChessBase"]
[SourceDate "2011.11.24"]
[SourceVersion "1"]
[SourceVersionDate "2011.11.24"]
[SourceQuality "1"]
[WhiteTeam "Abony"]
[BlackTeam "Bekes"]
[WhiteTeamCountry "HUN"]
[BlackTeamCountry "HUN"]

1. c4 c5 2. Nf3 Nc6 3. Nc3 Nf6 4. g3 g6 5. Bg2 Bg7 6. 0-0 0-0 7. d4 cxd4 8. Nxd4 Nxd4 9. Qxd4 a6 10. e4 d6 11. Be3 Ng4 12. Qd3 Ne5 13. Qe2 Be6 14. Nd5 Bxd5 15. cxd5 b5 16. Rac1 Nc4 17. b3 Nxe3 18. Qxe3 Qa5 19. Rc2 b4 20. Rfc1 h5 21. Bh3 Kh7 22. Rd1 Bc3 23. a4 Qd8 24. Qd3 Qb6 25. Kg2 Ra7 26. f4 Kg7 27. Kf3 f6 28. Qe3 Qb8 29. Rdc1 Rc7 30. Bf1 a5 31. Bc4 Qc8 32. Bd3 Rh8 33. f5 Rc5 34. h4 Qd7 35. fxg6 Qg4+ 36. Kg2 Rh6 37. Qf3 Rxg6 38. Qxg4 Rxg4 39. Kf3 Kh6 40. Rg1 Rc8 41. Rgg2 Rcg8 42. Rc1 Be5 43. Rcg1 Rc8 44. Rc2 Rcg8 45. Rcg2 Kg7 46. Bb5 Rc8 47. Bc4 Kf7 48. Rc2 Rcg8 49. Rcg2 Bd4 50. Rd1 Be5 51. Rdg1 Rc8 52. Rc2 Bd4 53. Rgg2 Bc3 54. Bb5 Rc7 55. Bd3 Rc5 56. Bb5 Rc7 57. Bd3 e6 58. Bc4 e5 59. Bb5 Ke7 60. Bd3 Rc5 61. Rg1 Rc8 62. Rgg2 Rcg8 63. Rc1 Kd7 64. Bb1 Kc7 65. Bd3 Kb6 66. Bc2 Kc5 67. Rd1 Rf8 68. Bb1 Kb6 69. Bd3 Kc7 70. Rc1 Kd7 71. Bb5+ Ke7 72. Bd3 1/2-1/2

[Event "HUN-chT2 Toth 1011"]
[Site "Hungary"]
[Date "2010.10.10"]
[Round "3.7"]
[White "Samu, Gabor"]
[Black "Borus, Andras"]
[Result "1/2-1/2"]
[WhiteElo "2074"]
[BlackElo "2101"]
[PlyCount "64"]
[EventDate "2010.09.12"]
[EventType "team-tourn"]
[EventRounds "11"]
[EventCountry "HUN"]
[SourceTitle "EXT 2012"]
[Source "ChessBase"]
[SourceDate "2011.11.24"]
[SourceVersion "1"]
[SourceVersionDate "2011.11.24"]
[SourceQuality "1"]
[WhiteTeam "Bekes"]
[BlackTeam "Maroczy II"]
[WhiteTeamCountry "HUN"]
[BlackTeamCountry "HUN"]

1. d4 Nf6 2. c4 d6 3. Nf3 g6 4. Nc3 Bg7 5. e4 0-0 6. Be2 e5 7. dxe5 dxe5 8. Qxd8 Rxd8 9. Bg5 Re8 10. 0-0 c6 11. h3 Nbd7 12. Be3 Nf8 13. Rfd1 N6d7 14. Kh2 Ne6 15. g3 f5 16. b4 f4 17. Bc1 Nd4 18. Ng1 fxg3+ 19. fxg3 Nf8 20. Bd3 Be6 21. Be3 Kh8 22. Nce2 Nxe2 23. Bxe2 Red8 24. Nf3 b6 25. Bg5 Re8 26. Rd6 h6 27. Be3 Rac8 28. Rad1 Kh7 29. a4 Re7 30. g4 Nd7 31. g5 h5 32. Kg3 Nb8 1/2-1/2

[Event "HUN-chT2 Toth 1011"]
[Site "Hungary"]
[Date "2010.09.12"]
[Round "1.6"]
[White "Pinczes, Gyula"]
[Black "Samu, Gabor"]
[Result "0-1"]
[WhiteElo "1856"]
[BlackElo "2074"]
[PlyCount "130"]
[EventDate "2010.09.12"]
[EventType "team-tourn"]
[EventRounds "11"]
[EventCountry "HUN"]
[SourceTitle "EXT 2012"]
[Source "ChessBase"]
[SourceDate "2011.11.24"]
[SourceVersion "1"]
[SourceVersionDate "2011.11.24"]
[SourceQuality "1"]
[WhiteTeam "Nadudvar"]
[BlackTeam "Bekes"]
[WhiteTeamCountry "HUN"]
[BlackTeamCountry "HUN"]

1. d4 d5 2. Nf3 Nf6 3. e3 Bg4 4. c4 c6 5. Qb3 Qb6 6. Nbd2 e6 7. c5 Qxb3 8. axb3 Nbd7 9. b4 Be7 10. Bd3 0-0 11. 0-0 h6 12. b5 Rfc8 13. h3 Bh5 14. b4 cxb5 15. Bxb5 Bg6 16. Bb2 Nb8 17. Ne5 Bh7 18. Ra2 Ne8 19. Rfa1 f6 20. Nef3 Nc7 21. Bf1 a6 22. b5 Bg6 23. b6 Ne8 24. Nb3 Rd8 25. Na5 Rd7 26. Nd2 f5 27. Ndb3 Bd8 28. Ra4 Nf6 29. Rb4 Be7 30. Rba4 Be8 31. R4a2 Bf8 32. Nd2 Rf7 33. Nf3 g5 34. Ne5 Rg7 35. Rc1 Nfd7 36. Nxd7 Rxd7 37. Ba3 Rg7 38. f3 Nc6 39. Nxc6 Bxc6 40. Bb4 Rf7 41. Re1 Bg7 42. Bc3 Re7 43. Bd3 Rf8 44. f4 Bf6 45. g3 Rg7 46. Rg2 Kh8 47. Ba5 Rfg8 48. Ree2 Be8 49. Rb2 Bc6 50. Kh2 h5 51. Bc3 Ra8 52. Ra2 Kg8 53. Ba5 Kf7 54. Be2 Rh8 55. Bc3 Kg6 56. Bd3 Kh6 57. Bf1 Rhg8 58. Ba5 h4 59. fxg5+ Bxg5 60. Bd2 hxg3+ 61. Rxg3 Bf4 62. exf4 Rxg3 63. Ra1 Bb5 64. Be1 Rg1 65. Bxb5 R8g2# 0-1

[Event "HUN-chT2 Toth 0910"]
[Site "Hungary"]
[Date "2009.12.20"]
[Round "4.8"]
[White "Samu, Gabor"]
[Black "Kormos, Lajos"]
[Result "1/2-1/2"]
[WhiteElo "2060"]
[BlackElo "2054"]
[PlyCount "62"]
[EventDate "2009.11.08"]
[EventType "team-tourn"]
[EventRounds "11"]
[EventCountry "HUN"]
[SourceTitle "EXT 2011"]
[Source "ChessBase"]
[SourceDate "2010.11.26"]
[SourceVersion "1"]
[SourceVersionDate "2010.11.26"]
[SourceQuality "1"]
[WhiteTeam "Bekes"]
[BlackTeam "Kisujszallas"]
[WhiteTeamCountry "HUN"]
[BlackTeamCountry "HUN"]

1. d4 Nf6 2. c4 e6 3. Nf3 b6 4. Nc3 Bb7 5. Bg5 Be7 6. e3 0-0 7. Be2 Ne4 8. Bxe7 Qxe7 9. 0-0 Nxc3 10. bxc3 d6 11. Qc2 f5 12. a4 a5 13. Nd2 e5 14. f3 Qg5 15. Qd3 Nd7 16. e4 g6 17. Rab1 Rad8 18. Nb3 Nf6 19. d5 Bc8 20. Qd2 Qh4 21. g3 Qh3 22. exf5 Bxf5 23. Bd3 Bd7 24. Ra1 Rf7 25. Qe3 Rdf8 26. Nd2 Bf5 27. Rae1 Bxd3 28. Qxd3 Qf5 29. Qe3 Qh3 30. Qd3 Qh5 31. Kg2 Nd7 1/2-1/2

[Event "HUN-chT2 Toth 0910"]
[Site "Hungary"]
[Date "2009.11.08"]
[Round "1.9"]
[White "Samu, Gabor"]
[Black "Balvanyos, Istvan"]
[Result "1/2-1/2"]
[WhiteElo "2060"]
[BlackElo "2169"]
[PlyCount "129"]
[EventDate "2009.11.08"]
[EventType "team-tourn"]
[EventRounds "11"]
[EventCountry "HUN"]
[SourceTitle "EXT 2011"]
[Source "ChessBase"]
[SourceDate "2010.11.26"]
[SourceVersion "1"]
[SourceVersionDate "2010.11.26"]
[SourceQuality "1"]
[WhiteTeam "Bekes"]
[BlackTeam "Abony"]
[WhiteTeamCountry "HUN"]
[BlackTeamCountry "HUN"]

1. d4 d5 2. c4 e6 3. Nf3 Be7 4. Nc3 c6 5. Bf4 Bd6 6. Bg5 Be7 7. Bd2 Nf6 8. e3 0-0 9. Bd3 c5 10. b3 Nc6 11. Ne2 b6 12. 0-0 Bb7 13. dxc5 dxc4 14. Bxc4 Bxc5 15. Qc2 Bb4 16. Rfd1 Qe7 17. Ng3 Rac8 18. Bxb4 Nxb4 19. Qe2 Rfd8 20. Nd4 a6 21. a4 g6 22. Qb2 Ne4 23. Nxe4 Bxe4 24. f3 Bd5 25. Bxd5 Nxd5 26. Re1 Nb4 27. Re2 Qc5 28. f4 e5 29. fxe5 Qxe5 30. Rf1 f5 31. g3 Nc2 32. Rxc2 Qxe3+ 33. Rff2 Rxc2 34. Qxc2 Qxd4 35. Qc4+ Kg7 36. Qc7+ Kh6 37. Qf4+ Qxf4 38. Rxf4 Kh5 39. Kg2 Kg5 40. h3 h5 41. Rf3 h4 42. gxh4+ Kxh4 43. Rc3 Rd4 44. Rc2 g5 45. Rc6 Rb4 46. Rc3 g4 47. Rd3 gxh3+ 48. Rxh3+ Kg4 49. Rg3+ Kf4 50. Rh3 Ke4 51. Kf2 Kd5 52. Rf3 f4 53. Ke2 Re4+ 54. Kd2 Rb4 55. Rc3 Ke4 56. Ke2 Kd4 57. Kd2 Ke4 58. Rh3 Rd4+ 59. Ke2 Rd6 60. Rc3 Rd4 61. Rh3 Kd5 62. Rc3 Ke4 63. Rh3 Kd5 64. Rc3 Ke4 65. Rh3 1/2-1/2

[Event "HUN-chT2 Toth 0809"]
[Site "Hungary"]
[Date "2008.10.26"]
[Round "1.11"]
[White "Csepeli, Balazs"]
[Black "Samu, Gabor"]
[Result "1/2-1/2"]
[WhiteElo "2068"]
[BlackElo "2058"]
[PlyCount "122"]
[EventDate "2008.10.26"]
[EventType "team-tourn"]
[EventRounds "11"]
[EventCountry "HUN"]
[SourceTitle "EXT 2010"]
[Source "ChessBase"]
[SourceDate "2010.11.25"]
[SourceVersion "1"]
[SourceVersionDate "2010.11.25"]
[SourceQuality "1"]
[WhiteTeam "Toth Laszlo"]
[BlackTeam "Bekes"]
[WhiteTeamCountry "HUN"]
[BlackTeamCountry "HUN"]

1. d4 d5 2. c4 c6 3. Nf3 Nf6 4. Nc3 e6 5. Bg5 Be7 6. e3 0-0 7. Qc2 Nbd7 8. Rd1 Re8 9. Bd3 dxc4 10. Bxc4 Nd5 11. Bxe7 Qxe7 12. 0-0 Nb4 13. Qe2 b5 14. Bb3 a6 15. a3 Nd5 16. Ne4 N5f6 17. Nxf6+ Qxf6 18. e4 Bb7 19. e5 Qe7 20. Nd2 c5 21. Ne4 Bxe4 22. Qxe4 cxd4 23. Qxd4 Nc5 24. Bc2 Rac8 25. b4 Red8 26. Qe3 Nd7 27. Bb1 Nf8 28. Qb6 Rxd1 29. Rxd1 Qd7 30. Qd6 Qa7 31. Qd2 Qc7 32. Qe2 Qc3 33. a4 Qxb4 34. axb5 axb5 35. Bd3 Rb8 36. Rb1 Qc5 37. Rxb5 Rxb5 38. Bxb5 Qc1+ 39. Qf1 Qxf1+ 40. Kxf1 Ng6 41. Ke2 Nxe5 42. f4 Ng6 43. g3 Kf8 44. Bd3 Ne7 45. Kf3 g6 46. Bc4 Nc6 47. h3 Ke7 48. h4 e5 49. g4 h6 50. Bd5 Nb4 51. Be4 Kd6 52. Ke3 Na6 53. Bd3 Nc5 54. Bc4 Ne6 55. f5 gxf5 56. gxf5 Nd8 57. f6 Kc5 58. Bb3 Kd6 59. Ke4 Ne6 60. Bc4 Nd8 61. Bb3 Ne6 1/2-1/2

[Event "HUN-chT2 Toth 0506"]
[Site "Hungary"]
[Date "2006.02.26"]
[Round "8"]
[White "Samu, Gabor"]
[Black "Kopasz, Robert"]
[Result "1-0"]
[WhiteElo "2098"]
[BlackElo "2346"]
[PlyCount "91"]
[EventDate "2005.10.16"]
[EventType "team"]
[EventRounds "11"]
[EventCountry "HUN"]
[SourceTitle "EXT 2009"]
[Source "ChessBase"]
[SourceDate "2008.11.26"]
[SourceVersion "1"]
[SourceVersionDate "2008.11.26"]
[SourceQuality "1"]
[WhiteTeam "Bekes"]
[BlackTeam "Maroczy"]
[WhiteTeamCountry "HUN"]
[BlackTeamCountry "HUN"]

1. d4 e6 2. c4 Nf6 3. Nf3 b6 4. Nc3 Bb7 5. Bg5 Be7 6. e3 0-0 7. Bd3 d5 8. cxd5 exd5 9. 0-0 Nbd7 10. Qc2 h6 11. Bh4 c5 12. Rad1 c4 13. Bf5 a6 14. Ne5 Re8 15. Rfe1 Qc7 16. f4 Nf8 17. Qb1 b5 18. a3 Rab8 19. Rd2 N6d7 20. Bxe7 Rxe7 21. Qd1 f6 22. Nxd7 Nxd7 23. Qf3 Qd6 24. h4 Bc6 25. h5 a5 26. g4 b4 27. axb4 axb4 28. Ne2 Nb6 29. Ng3 c3 30. bxc3 bxc3 31. Rc2 Na4 32. Bd3 Qa3 33. Nf5 Re6 34. g5 fxg5 35. fxg5 Nb2 36. Bf1 hxg5 37. Qg3 Rb7 38. Qxg5 Be8 39. Rg2 Qf8 40. Rc1 Na4 41. Bd3 Qf6 42. Qg4 Reb6 43. Rf1 Qe6 44. Qf4 Kh8 45. Nxg7 Qf7 46. Nxe8 1-0

[Event "HUN-chT2 Toth 0304"]
[Site "Hungary"]
[Date "2004.03.21"]
[Round "9"]
[White "Samu, Gabor"]
[Black "Joo, Janos"]
[Result "1/2-1/2"]
[WhiteElo "2093"]
[BlackElo "2027"]
[PlyCount "52"]
[EventDate "2003.09.28"]
[EventType "team"]
[EventRounds "11"]
[EventCountry "HUN"]
[SourceTitle "EXT 2009"]
[Source "ChessBase"]
[SourceDate "2008.11.26"]
[SourceVersion "1"]
[SourceVersionDate "2008.11.26"]
[SourceQuality "1"]
[WhiteTeam "Bekes"]
[BlackTeam "Mako II"]
[WhiteTeamCountry "HUN"]
[BlackTeamCountry "HUN"]

1. d4 Nf6 2. c4 g6 3. Nc3 d5 4. Nf3 Bg7 5. Bg5 Ne4 6. Bf4 Nxc3 7. bxc3 0-0 8. e3 c5 9. Qb3 cxd4 10. exd4 dxc4 11. Bxc4 Nc6 12. Be2 Na5 13. Qd1 Be6 14. 0-0 Rc8 15. Qd2 Nc4 16. Bxc4 Bxc4 17. Rfe1 e6 18. Bh6 Qa5 19. Bxg7 Kxg7 20. Ne5 Bd5 21. Rec1 h5 22. Qe3 b5 23. Nd7 Rfd8 24. Qe5+ Kh6 25. Qf4+ Kg7 26. Qe5+ Kh6 1/2-1/2

[Event "HUN-chT2 Toth 0304"]
[Site "Hungary"]
[Date "2004.02.08"]
[Round "7"]
[White "Samu, Gabor"]
[Black "Berta, Gergely"]
[Result "1/2-1/2"]
[WhiteElo "2093"]
[BlackElo "2015"]
[PlyCount "52"]
[EventDate "2003.09.28"]
[EventType "team"]
[EventRounds "11"]
[EventCountry "HUN"]
[SourceTitle "EXT 2009"]
[Source "ChessBase"]
[SourceDate "2008.11.26"]
[SourceVersion "1"]
[SourceVersionDate "2008.11.26"]
[SourceQuality "1"]
[WhiteTeam "Bekes"]
[BlackTeam "Oroshaza"]
[WhiteTeamCountry "HUN"]
[BlackTeamCountry "HUN"]

1. d4 d5 2. c4 e6 3. Nf3 Nf6 4. e3 Nbd7 5. Bd3 Be7 6. Nc3 c6 7. b3 b6 8. Bb2 Bb7 9. 0-0 0-0 10. Qe2 c5 11. Rac1 Re8 12. cxd5 Nxd5 13. Nxd5 exd5 14. Bb5 a6 15. Bd3 Bf6 16. Bb1 Rc8 17. Bf5 Rc7 18. Rfd1 Nf8 19. Bd3 Qc8 20. dxc5 Bxb2 21. Qxb2 bxc5 22. Be2 Ng6 23. Rc3 Qd7 24. Rdc1 Rec8 25. R3c2 Qe7 26. h3 f6 1/2-1/2